000
00304nam a2200133Ia 4500
005
20251222144903.0
008
251222s9999||||xx |||||||||||||| ||spa||
020
_a
88-1167-403-4
082
_a
303.4/A69
100
_a
Arendt, Hannah
245
0
_a
Tra Passato e Futuro
264
_b
S.P.A.
942
_c
LIB
999
_c
22049
_d
22049